| 000 | 01597cam a2200337 4500 | ||
|---|---|---|---|
| 008 | 030717n2002 000 0 eng u | ||
| 020 | _a0860225895 | ||
| 035 | _a(Sirsi) u123042 | ||
| 041 | _aeng | ||
| 050 |
_a697 _c18 |
||
| 100 | _aRace, Guy Lawrence. | ||
| 245 |
_aDesign checks for HVAC _ba quality control framework for building services engineers |
||
| 260 |
_aBracknell _bBSRIA _c2002 |
||
| 300 |
_a140p _c30cm. |
||
| 350 | _a60 | ||
| 490 |
_aBSRIA Application Guide _vAG 1/2002 |
||
| 500 | _aGives practical, easy to follow heating ventilating and air conditioning (HVAC) design guidance for those involved in the design and management of building services. Provides design guidance sheets and design check sheets for a range of building services design topics. Can be incorporated into company Quality Assurance (QA) systems and used to demonstrate compliance with ISO 9001 and BS 7000-4. | ||
| 650 | _aBUILT ENVIRONMENT-BUILDING ELEMENTS-COMPLETE BUILDING SERVICES ELEMENTS-COMPLETE HEATING, VENTILATION AND AIR CONDITIONING SYSTEMS | ||
| 650 | _aBUILT ENVIRONMENT-BUILDING MAINTENANCE AND REFURBISHMENT | ||
| 650 | _aVENTILATION | ||
| 650 | _aHEATING | ||
| 650 | _aDESIGN GUIDANCE | ||
| 650 | _aHVAC ENGINEERING | ||
| 650 |
_aBlock management _96220 |
||
| 690 |
_aBlock management _96220 |
||
| 710 |
_aChartered Institution of Building Services Engineers _92360 |
||
| 710 |
_aAssociation of Consulting Engineers _91225 |
||
| 710 | _aBuilding Services Research and Information Association | ||
| 710 |
_aConfederation of Construction Clients _94342 |
||
| 942 | _n0 | ||
| 999 |
_c102986 _d102986 |
||